000 00394nam a22001457a 4500
003 MPLRDC
005 20220104170807.0
008 210129b ||||| |||| 00| 0 eng d
082 _a050.1 RD v.9 1999
100 _aPETER DOCKRILL
245 _aREADER'S DIGEST. SEPTEMBER 1999
_c
260 _a
_b
_c1999
650 _a连续性出版品; 期刊--READER'S DIGEST
942 _cBK
_o050.1 RD v.9 1999
999 _c58129
_d58119